[Event "62.HEM 2008, Gruppe C"]
[Site "Hanau"]
[Date "2008.03.20"]
[Round "3.1"]
[White "Ostermeier, Thorsten"]
[Black "Eg, Karlheinz"]
[Result "0-1"]
[WhiteElo "1949"]
[BlackElo "2090"]
[PlyCount "80"]
[EventDate "2008.??.??"]

1. d4 Nf6 2. Nf3 g6 3. c4 Bg7 4. Nc3 d5 5. e3 O-O 6. Bd2 c6 7. Be2 Nbd7 8. O-O
Re8 9. Qb3 e6 10. Rac1 Nb6 11. Ne5 Nfd7 12. f4 dxc4 13. Nxc4 c5 14. dxc5 Nxc5
15. Qc2 Nxc4 16. Bxc4 b6 17. b4 Ba6 18. Bxa6 Nxa6 19. a3 Rc8 20. Rfd1 Nc7 21.
Qb3 Qd3 22. Qc2 Qxc2 23. Rxc2 Nb5 24. Rdc1 Nxa3 25. Ra2 Nc4 26. Nb5 Nxd2 27.
Rxc8 Rxc8 28. Rxd2 a6 29. Nd4 Rc4 30. Nf3 Bf6 31. Ra2 Rxb4 32. Rxa6 b5 33. Rb6
Rb2 34. Kf1 b4 35. Ne1 b3 36. Nd3 Rb1+ 37. Ke2 Bc3 38. h3 b2 39. Kf2 Rd1 40.
Rxb2 Bxb2 0-1

[Event "62.HEM 2008, Gruppe C"]
[Site "Hanau"]
[Date "2008.03.20"]
[Round "3.2"]
[White "Pade, Eric"]
[Black "Storkebaum, Ulrike"]
[Result "1-0"]
[WhiteElo "1731"]
[BlackElo "1951"]
[PlyCount "77"]
[EventDate "2008.??.??"]

1. e4 e5 2. Nf3 Nc6 3. Bb5 a6 4. Bxc6 dxc6 5. O-O Bg4 6. h3 h5 7. d3 Bd6 8. Be3
Qf6 9. Nbd2 Ne7 10. hxg4 hxg4 11. Re1 gxf3 12. Qxf3 Qg6 13. Kf1 O-O-O 14. Ke2
f5 15. Nc4 Rdf8 16. Rh1 f4 17. Bd2 c5 18. Nxd6+ cxd6 19. c3 Rd8 20. c4 Nc6 21.
Bc3 b5 22. b3 b4 23. Bb2 Kc7 24. Rh3 a5 25. a3 bxa3 26. Rxa3 Rb8 27. Bc3 Kd7
28. Kd2 Ke7 29. Kc2 Qe6 30. Ra1 g5 31. Rah1 Qf6 32. Rh7+ Rxh7 33. Rxh7+ Kd8 34.
Qh3 Ne7 35. Bxa5+ Ke8 36. Rh8+ Qf8 37. Rxf8+ Kxf8 38. Qh6+ Kf7 39. Qxd6 1-0

[Event "62.HEM 2008, Gruppe C"]
[Site "Hanau"]
[Date "2008.03.20"]
[Round "3.3"]
[White "Schnegelsberg, Karl-Heinz"]
[Black "Günzler, Richard"]
[Result "1-0"]
[WhiteElo "2044"]
[BlackElo "1851"]
[PlyCount "73"]
[EventDate "2008.??.??"]

1. Nf3 Nf6 2. g3 g6 3. Bg2 Bg7 4. O-O O-O 5. d3 d5 6. c3 c5 7. Nbd2 Nc6 8. e4
d4 9. cxd4 cxd4 10. Nc4 Nd7 11. Ne1 e5 12. f4 f6 13. Nf3 Qc7 14. b4 b5 15. Nb2
Nb6 16. Bd2 Be6 17. a4 a6 18. Rc1 Qd6 19. Rc5 Nd7 20. axb5 Na7 21. b6 Qxb6 22.
Nc4 Bxc4 23. Rxc4 Nb5 24. Qb3 Kh8 25. Rfc1 Qb7 26. h4 Rfc8 27. Rxc8+ Rxc8 28.
Rxc8+ Qxc8 29. Bh3 Qe8 30. Qd5 Nb8 31. fxe5 fxe5 32. h5 Nc3 33. Qb7 Bf6 34. Ng5
Bxg5 35. Bxg5 Qf8 36. h6 Nd7 37. Qxd7 1-0

[Event "62.HEM 2008, Gruppe C"]
[Site "Hanau"]
[Date "2008.03.20"]
[Round "3.4"]
[White "Schmitt, Carsten"]
[Black "Rack, Matthias"]
[Result "0-1"]
[WhiteElo "1821"]
[BlackElo "2051"]
[PlyCount "20"]
[EventDate "2008.??.??"]

1. e4 e5 2. Nf3 Nf6 3. Nxe5 d6 4. Nxf7 Kxf7 5. d4 c5 6. Bc4+ d5 7. exd5 Bd6 8.
O-O cxd4 9. Qxd4 Re8 10. Bf4 Re4 0-1

[Event "62.HEM 2008, Gruppe C"]
[Site "Hanau"]
[Date "2008.03.20"]
[Round "3.5"]
[White "Iwanziw, Niklas"]
[Black "Fischer, Arthur"]
[Result "1/2-1/2"]
[WhiteElo "1820"]
[BlackElo "2013"]
[PlyCount "115"]
[EventDate "2008.??.??"]

1. d4 d5 2. c4 e6 3. Nc3 Nf6 4. cxd5 exd5 5. Bg5 Be7 6. e3 O-O 7. Bd3 c6 8. Qc2
h6 9. Bh4 Nbd7 10. Nf3 Re8 11. O-O Ne4 12. Bxe7 Qxe7 13. b4 Ndf6 14. Rab1 Bd7
15. Ne5 Rac8 16. Rfc1 Nxc3 17. Qxc3 Ne4 18. Qc2 a6 19. a4 Nd6 20. Nxd7 Qxd7 21.
Rb3 b5 22. Rc3 Nc4 23. Bf5 Qd6 24. Bxc8 Rxc8 25. axb5 cxb5 26. Rb3 Rc6 27. e4
Na5 28. Rc3 Nc4 29. Re1 Rc8 30. Rb3 Qe6 31. e5 Na5 32. Rc3 Nc4 33. Ra1 Qb6 34.
Qf5 Re8 35. Rd1 Re6 36. Rf3 Qa7 37. Kh1 Re7 38. g4 Re6 39. g5 g6 40. Qh3 h5 41.
Rf6 Re8 42. Qd3 Nb2 43. Qb3 Nxd1 44. Qxd1 Rc8 45. Rd6 Rc4 46. Rd8+ Kh7 47. Qf3
Qe7 48. Qf6 Qxf6 49. gxf6 g5 50. Rxd5 Kg6 51. Rd8 Kf5 52. Rf8 Rxd4 53. Rxf7
Kxe5 54. Ra7 Kxf6 55. Rxa6+ Kf5 56. Kg2 Rxb4 57. Ra8 Rb2 58. Rf8+ 1/2-1/2

[Event "62.HEM 2008, Gruppe C"]
[Site "Hanau"]
[Date "2008.03.20"]
[Round "3.6"]
[White "Froehlich-Dill, Astrid"]
[Black "Schoesser, Manfred"]
[Result "1/2-1/2"]
[WhiteElo "1991"]
[BlackElo "1772"]
[PlyCount "160"]
[EventDate "2008.??.??"]

1. d4 Nf6 2. c4 e5 3. d5 Bc5 4. Nc3 a5 5. e4 d6 6. Nf3 Ng4 7. Be3 Nxe3 8. fxe3
Bxe3 9. Qd3 Bc5 10. a3 O-O 11. O-O-O f5 12. h3 f4 13. Be2 Nd7 14. Rdf1 c6 15.
h4 h6 16. h5 Be3+ 17. Kb1 Nc5 18. Qc2 Bd7 19. Nh4 Qg5 20. Nd1 Bd4 21. Bf3 b5
22. dxc6 Bxc6 23. Nf5 Rxf5 24. exf5 e4 25. cxb5 exf3 26. bxc6 fxg2 27. Qc4+ Kh8
28. Qxd4 gxh1=Q 29. Rxh1 Qxf5+ 30. Ka2 Qe6+ 31. Kb1 Qe4+ 32. Qxe4 Nxe4 33. Rh4
Nf6 34. Rxf4 Rc8 35. Rc4 Nxh5 36. Ne3 Nf6 37. b4 d5 38. Rc5 Ne4 39. Rc1 axb4
40. axb4 d4 41. Nd1 Nd6 42. Kb2 g5 43. Nf2 Kg7 44. Rc5 Kg6 45. Ng4 h5 46. Ne5+
Kh6 47. b5 Ne4 48. Rd5 Nc3 49. Rd6+ Kh7 50. Rd7+ Kh6 51. Nf7+ Kg6 52. Nd6 Ra8
53. c7 Na4+ 54. Kc1 Nb6 55. Rd8 Ra1+ 56. Kb2 Ra7 57. c8=Q Nxc8 58. Rxc8 d3 59.
Kc3 Ra3+ 60. Kd2 Rb3 61. Rc3 Rb4 62. Kxd3 h4 63. Rc5 h3 64. Ne4 g4 65. Rg5+ Kh6
66. Rc5 Rb1 67. Kc2 h2 68. Ng3 Rg1 69. Rh5+ Kg6 70. b6 Rxg3 71. b7 Rh3 72. Rxh3
gxh3 73. b8=Q h1=Q 74. Qg3+ Kf6 75. Qf4+ Ke6 76. Qe3+ Kf5 77. Qc5+ Kf4 78. Qf8+
Ke3 79. Qc5+ Ke2 80. Qc4+ Kf2 1/2-1/2

[Event "62.HEM 2008, Gruppe C"]
[Site "Hanau"]
[Date "2008.03.20"]
[Round "3.7"]
[White "Geringer, Waldemar"]
[Black "Bosse, Volkmar"]
[Result "1/2-1/2"]
[WhiteElo "1891"]
[BlackElo "1968"]
[PlyCount "92"]
[EventDate "2008.??.??"]

1. d4 Nf6 2. c4 g6 3. Nc3 Bg7 4. e4 d6 5. Nf3 O-O 6. Be2 e5 7. O-O Nc6 8. d5
Ne7 9. Ne1 Ne8 10. Be3 f5 11. f3 f4 12. Bf2 g5 13. a4 Rf6 14. a5 Rg6 15. c5 h5
16. c6 bxc6 17. dxc6 a6 18. Bc4+ Kh8 19. Bf7 Rh6 20. Nd5 Nf6 21. Nxc7 Qxc7 22.
Bb6 Qxc6 23. Rc1 Qb5 24. Qxd6 Nfg8 25. Qd2 Rxb6 26. axb6 Qxb6+ 27. Kh1 Nf6 28.
Nd3 Nc6 29. Qc3 Nd4 30. Nxe5 Kh7 31. Bg6+ Kh6 32. Qc4 Be6 33. Qd3 Bg8 34. Bf5
Nxf5 35. exf5 Qb5 36. Qd6 Qd5 37. Rc6 Qxd6 38. Rxd6 Kh7 39. Nd7 Nxd7 40. Rxd7
Rf8 41. Re1 Kh8 42. Rb7 Rxf5 43. Re8 Re5 44. Rxe5 Bxe5 45. b3 Bd5 46. Rb6 Kg7
1/2-1/2

[Event "62.HEM 2008, Gruppe C"]
[Site "Hanau"]
[Date "2008.03.20"]
[Round "3.8"]
[White "Will, Jens"]
[Black "Neumann, Uwe"]
[Result "1-0"]
[WhiteElo "1964"]
[BlackElo "1716"]
[PlyCount "91"]
[EventDate "2008.??.??"]

1. Nf3 d5 2. g3 Nf6 3. Bg2 Bf5 4. d3 e6 5. Nh4 Nbd7 6. Nxf5 exf5 7. O-O c6 8.
c4 dxc4 9. dxc4 Bc5 10. Qc2 g6 11. a3 O-O 12. b4 Bd4 13. Nc3 Ne8 14. Bh6 Bg7
15. Bxg7 Nxg7 16. Rfd1 Qc7 17. e3 Rac8 18. Rd2 Ne5 19. c5 Rfd8 20. Ne2 Rxd2 21.
Qxd2 Rd8 22. Qc3 Rd3 23. Qc2 Rd7 24. Rd1 Ne6 25. Nd4 Qd8 26. Qc3 Ng5 27. f4
Nef3+ 28. Bxf3 Nxf3+ 29. Kg2 Nxd4 30. Rxd4 Rxd4 31. Qxd4 Qxd4 32. exd4 Kf8 33.
d5 cxd5 34. Kf3 Ke7 35. Ke3 Kd7 36. b5 a6 37. a4 a5 38. Kd4 Ke6 39. b6 Kd7 40.
Kxd5 f6 41. h3 g5 42. h4 h6 43. h5 g4 44. Kc4 Kc6 45. Kd4 Kd7 46. Kd5 1-0

[Event "62.HEM 2008, Gruppe C"]
[Site "Hanau"]
[Date "2008.03.20"]
[Round "3.9"]
[White "Larem, Peter"]
[Black "Beck, Manfred"]
[Result "1/2-1/2"]
[WhiteElo "1951"]
[BlackElo "1895"]
[PlyCount "36"]
[EventDate "2008.??.??"]

1. e4 c5 2. c3 d5 3. exd5 Qxd5 4. d4 e5 5. dxe5 Qxe5+ 6. Be3 Nf6 7. Nf3 Qc7 8.
Bc4 Bg4 9. Nbd2 Bd6 10. Qb3 O-O 11. O-O-O Nc6 12. h3 Bh5 13. g4 Bg6 14. g5 Ne4
15. Nh4 Nxd2 16. Rxd2 Na5 17. Qa4 Nxc4 18. Qxc4 Rad8 1/2-1/2

[Event "62.HEM 2008, Gruppe C"]
[Site "Hanau"]
[Date "2008.03.20"]
[Round "3.10"]
[White "Raab, Hendrik"]
[Black "Juhnke, Peter"]
[Result "1/2-1/2"]
[WhiteElo "1731"]
[BlackElo "1917"]
[PlyCount "80"]
[EventDate "2008.??.??"]

1. d4 Nf6 2. Nf3 d6 3. c4 Ne4 4. Nbd2 Bf5 5. Nxe4 Bxe4 6. e3 e6 7. Bd3 Bxd3 8.
Qxd3 Be7 9. O-O Nd7 10. b3 O-O 11. Bb2 f5 12. Rfe1 Qe8 13. e4 f4 14. e5 dxe5
15. Nxe5 Nxe5 16. Rxe5 Bd6 17. Re4 Qg6 18. Qf3 c6 19. Rae1 Rae8 20. Bc1 Qf5 21.
Bb2 g5 22. h3 Qg6 23. Qg4 Rf5 24. Qe2 f3 25. gxf3 e5 26. c5 Bc7 27. dxe5 Re6
28. Rd1 Qh5 29. Kg2 Rh6 30. Rh1 Re6 31. h4 Qg6 32. hxg5 Rxg5+ 33. Rg4 Bxe5 34.
Bxe5 Rexe5 35. Qc4+ Kg7 36. Qd4 Qf6 37. Qd7+ Re7 38. Rxg5+ Qxg5+ 39. Qg4 Qxg4+
40. fxg4 Re2 1/2-1/2

[Event "62.HEM 2008, Gruppe C"]
[Site "Hanau"]
[Date "2008.03.20"]
[Round "3.11"]
[White "Scholz, Uwe"]
[Black "Ewin, Hans-Peter"]
[Result "1-0"]
[WhiteElo "2072"]
[BlackElo "1920"]
[PlyCount "49"]
[EventDate "2008.??.??"]

1. f4 g6 2. e4 Bg7 3. d4 d6 4. Nf3 Nf6 5. Nc3 c5 6. Be3 Ng4 7. Bg1 Qb6 8. Nd5
Qa5+ 9. Qd2 Qxd2+ 10. Kxd2 Kd8 11. h3 Nh6 12. dxc5 Bxb2 13. Rb1 Bg7 14. cxd6
exd6 15. g4 Re8 16. Bd3 Nc6 17. Bf2 Ng8 18. Rhe1 f6 19. c3 Nge7 20. Nd4 f5 21.
Bh4 Bxd4 22. Nxe7 Bxc3+ 23. Kxc3 Nxe7 24. exf5 Bd7 25. fxg6 1-0

[Event "62.HEM 2008, Gruppe C"]
[Site "Hanau"]
[Date "2008.03.20"]
[Round "3.12"]
[White "Hoehne, Volkmar"]
[Black "Enders, Georg"]
[Result "1-0"]
[WhiteElo "1917"]
[BlackElo "2042"]
[PlyCount "75"]
[EventDate "2008.??.??"]
[WhiteTeam "Bruchköbler SV 93"]
[BlackTeam "SC Nidderau"]

1. d4 Nf6 2. c4 e6 3. Nc3 Bb4 4. e3 Ne4 5. Qc2 f5 6. Bd3 Bxc3+ 7. bxc3 Nf6 8.
Nf3 O-O 9. O-O d6 10. Ba3 b6 11. Rad1 Bb7 12. d5 Qe7 13. Nd4 Ng4 14. Nxe6 Nh6
15. Nxf8 Qxf8 16. e4 Nd7 17. exf5 Ne5 18. Rfe1 Nxd3 19. Qxd3 Nxf5 20. Bc1 Qf7
21. Qe4 Kh8 22. Rd3 Rf8 23. Rf3 Bc8 24. Qf4 Bd7 25. h3 g5 26. Qd2 Qg7 27. Re4
Rg8 28. c5 Nh4 29. Rg3 Qf7 30. c4 h6 31. Bb2+ Kh7 32. Qe2 Nf5 33. Rf3 Qg6 34.
Re7+ Nxe7 35. Qxe7+ Rg7 36. Bxg7 Bf5 37. Rxf5 Qxf5 38. Bf6+ 1-0

[Event "62.HEM 2008, Gruppe C"]
[Site "Hanau"]
[Date "2008.03.20"]
[Round "3.13"]
[White "Foerster, Rudi"]
[Black "Ritscher, Georg"]
[Result "1/2-1/2"]
[WhiteElo "1914"]
[BlackElo "1993"]
[PlyCount "33"]
[EventDate "2008.??.??"]

1. e4 e5 2. Nf3 Nc6 3. Bb5 a6 4. Bxc6 dxc6 5. O-O Bd6 6. d4 exd4 7. Qxd4 f6 8.
Nbd2 Ne7 9. Re1 Ng6 10. Qc4 Ne5 11. Nxe5 Bxe5 12. Nf3 Qe7 13. Nxe5 Qxe5 14. f4
Qe6 15. Qe2 O-O 16. Bd2 Bd7 17. Bc3 1/2-1/2

[Event "62.HEM 2008, Gruppe C"]
[Site "Hanau"]
[Date "2008.03.20"]
[Round "3.14"]
[White "Haftmann, Rainer"]
[Black "Fußnecker, Manfred"]
[Result "0-1"]
[WhiteElo "1859"]
[BlackElo "1989"]
[PlyCount "50"]
[EventDate "2008.??.??"]

1. e4 e5 2. Nf3 d6 3. d4 exd4 4. Nxd4 Nf6 5. Nc3 Be7 6. Be2 O-O 7. O-O Nbd7 8.
f4 Re8 9. Bf3 Bf8 10. Nb3 c6 11. Be3 Nb6 12. Qd3 Be6 13. Nd2 d5 14. exd5 Nfxd5
15. Nxd5 Nxd5 16. Bxd5 Bxd5 17. Bf2 Qf6 18. Bd4 Qd6 19. c4 Bxg2 20. Kxg2 c5 21.
Nb3 cxd4 22. Qxd4 Qg6+ 23. Kh1 Re2 24. Rf2 Rae8 25. Rg1 Qc6+ 0-1

[Event "62.HEM 2008, Gruppe C"]
[Site "Hanau"]
[Date "2008.03.20"]
[Round "3.15"]
[White "Gutacker, Stephan"]
[Black "Krzesinski, Paul"]
[Result "1-0"]
[WhiteElo "1985"]
[BlackElo "1829"]
[PlyCount "137"]
[EventDate "2008.??.??"]

1. e4 e5 2. Nf3 Nc6 3. d4 exd4 4. Nxd4 Bc5 5. Be3 Qf6 6. c3 Nge7 7. Bc4 Ne5 8.
Be2 d6 9. O-O Qg6 10. Nd2 Bh3 11. Bf3 O-O 12. Kh1 Nxf3 13. Qxf3 Bd7 14. Qe2
Rae8 15. f3 Kh8 16. Qf2 Bb6 17. Rfe1 c5 18. Ne2 f5 19. Nf4 Qf7 20. Qf1 g5 21.
Nd5 Nxd5 22. exd5 f4 23. Bf2 Qxd5 24. Rxe8 Rxe8 25. Ne4 Bc7 26. Nf6 Qf7 27.
Nxe8 Bxe8 28. c4 Bc6 29. Be1 g4 30. Bc3+ Kg8 31. Qe2 d5 32. cxd5 Qxd5 33. Qe7
Qf7 34. Qg5+ Qg6 35. Qxg4 Qxg4 36. fxg4 f3 37. gxf3 Bxf3+ 38. Kg1 Bxg4 39. Re1
Kf7 40. Kg2 Bd7 41. Be5 Bb6 42. Bd6 Be6 43. a3 Kf6 44. Kg3 Kf5 45. Re5+ Kf6 46.
Kf4 c4 47. h4 Bg1 48. Re2 Bd5 49. Be7+ Kf7 50. Bg5 Bc5 51. h5 Bd6+ 52. Kf5 Bf3
53. Rd2 Bc5 54. Rd7+ Kg8 55. Kf6 Bb6 56. Be3 Ba5 57. h6 Be4 58. Bxa7 b5 59. Bc5
Bc6 60. Rd1 c3 61. Rg1+ Kh8 62. Bd4 Bb6 63. Bxb6 Be4 64. Bd4 Bg6 65. Bxc3 b4
66. Rd1 Bf7 67. Rd8+ Bg8 68. Rxg8+ Kxg8 69. Bxb4 1-0

[Event "62.HEM 2008, Gruppe C"]
[Site "Hanau"]
[Date "2008.03.20"]
[Round "3.16"]
[White "Walda, Michael"]
[Black "Meier, Lars"]
[Result "1-0"]
[WhiteElo "1973"]
[BlackElo "1864"]
[PlyCount "79"]
[EventDate "2008.??.??"]

1. e4 d5 2. Nf3 dxe4 3. Ng5 Nf6 4. Bc4 e6 5. Nc3 Bc5 6. Ncxe4 Nxe4 7. Nxe4 Bb6
8. c3 Nc6 9. d4 h6 10. Qh5 Nxd4 11. cxd4 Qxd4 12. Qe2 Bd7 13. O-O O-O-O 14. Ng3
Qf6 15. Be3 Bxe3 16. Qxe3 Kb8 17. a4 Bc6 18. b4 Qd4 19. Qb3 Bd5 20. Bxd5 Qxd5
21. Qxd5 Rxd5 22. Rfd1 Rhd8 23. Rxd5 Rxd5 24. Kf1 c6 25. Ke2 Rd4 26. Rb1 a5 27.
b5 cxb5 28. axb5 Kc7 29. Ke3 Ra4 30. Ne4 Kb6 31. h3 Ra3+ 32. Ke2 a4 33. Nd6
Ra2+ 34. Ke1 Kc7 35. Nxf7 a3 36. b6+ Kb8 37. Rd1 Rc2 38. Ne5 a2 39. Rd8+ Rc8
40. Nd7+ 1-0

[Event "62.HEM 2008, Gruppe C"]
[Site "Hanau"]
[Date "2008.03.20"]
[Round "3.17"]
[White "Powalla, Klaus"]
[Black "Overbeck, Christopher"]
[Result "1-0"]
[WhiteElo "1931"]
[BlackElo "1816"]
[PlyCount "77"]
[EventDate "2008.??.??"]

1. Nf3 Nf6 2. b3 d5 3. Bb2 Bf5 4. e3 h6 5. a3 e6 6. d4 c5 7. Bd3 Ne4 8. O-O Bg4
9. Be2 Nc6 10. dxc5 Nxc5 11. Nbd2 Qd6 12. c4 dxc4 13. Bxc4 Rd8 14. Qc2 e5 15.
h3 Bh5 16. Rad1 Be7 17. Be2 Qe6 18. b4 Bg6 19. Qc4 Qxc4 20. Nxc4 Na4 21. Bxe5
O-O 22. Ba1 Bc2 23. Rc1 Be4 24. b5 Nb8 25. Bd4 a6 26. Nce5 Bd5 27. b6 Rd6 28.
Bd1 Nxb6 29. Rb1 Nc8 30. Bb3 Bxb3 31. Rxb3 b5 32. Rc1 Nb6 33. Rbc3 Na4 34. Rc7
Bf6 35. Rb7 Re6 36. Rcc7 g6 37. Nxf7 Bxd4 38. Nxh6+ Kh8 39. Rh7# 1-0

[Event "62.HEM 2008, Gruppe C"]
[Site "Hanau"]
[Date "2008.03.20"]
[Round "3.18"]
[White "Egenolf, Dirk"]
[Black "Becker, Jonas"]
[Result "1/2-1/2"]
[WhiteElo "1799"]
[BlackElo "1922"]
[PlyCount "56"]
[EventDate "2008.??.??"]

1. Nf3 d5 2. g3 Nf6 3. Bg2 e6 4. O-O Be7 5. d3 O-O 6. Nbd2 c5 7. e4 b6 8. e5
Nfd7 9. Re1 Nc6 10. Nf1 Bb7 11. h4 Re8 12. N1h2 f6 13. Ng4 fxe5 14. Ngxe5 Ndxe5
15. Nxe5 Nxe5 16. Rxe5 Bd6 17. Re1 e5 18. c4 Bc7 19. Qb3 e4 20. dxe4 dxe4 21.
Be3 Rb8 22. Rad1 Qf6 23. Bg5 Qf5 24. Qa4 a6 25. Qc2 Qg4 26. Qe2 Qf5 27. Qc2 Qg4
28. Qe2 Qf5 1/2-1/2

[Event "62.HEM 2008, Gruppe C"]
[Site "Hanau"]
[Date "2008.03.20"]
[Round "3.19"]
[White "Bankmann, Daniel"]
[Black "Johne, Siegfried"]
[Result "1-0"]
[WhiteElo "1779"]
[BlackElo "2023"]
[PlyCount "61"]
[EventDate "2008.??.??"]

1. e4 c5 2. Nf3 e6 3. d4 cxd4 4. Nxd4 a6 5. c4 Qc7 6. Nc3 Nf6 7. Be2 Nc6 8. Be3
Bb4 9. Nxc6 dxc6 10. Qc2 c5 11. f4 b6 12. e5 Nd7 13. O-O Bb7 14. Ne4 O-O 15.
Nd6 Bc6 16. Bf3 f6 17. Bxc6 Qxc6 18. Rf3 fxe5 19. Rh3 Qxd6 20. Rd1 Qc6 21.
Qxh7+ Kf7 22. Qh5+ Ke7 23. Qg5+ Ke8 24. fxe5 Rg8 25. Rd6 Qxd6 26. exd6 Nf6 27.
Qg6+ Kf8 28. Bg5 Ra7 29. Bxf6 gxf6 30. Qxf6+ Rf7 31. Qd8+ 1-0

[Event "62.HEM 2008, Gruppe C"]
[Site "Hanau"]
[Date "2008.03.20"]
[Round "3.20"]
[White "Mussler, Thomas"]
[Black "Genis, Roy"]
[Result "0-1"]
[WhiteElo "2168"]
[BlackElo "1917"]
[PlyCount "83"]
[EventDate "2008.??.??"]

1. e4 e5 2. d4 exd4 3. Qxd4 Nc6 4. Qe3 Nf6 5. Nc3 Bb4 6. Bd2 O-O 7. O-O-O Re8
8. Qg3 Rxe4 9. f3 Re8 10. h4 d5 11. h5 Bd6 12. Qf2 Be6 13. Nge2 Ne5 14. Nd4 c5
15. Nxe6 Rxe6 16. g4 d4 17. Ne2 d3 18. Nf4 dxc2 19. Kxc2 Re8 20. Kb1 Bc7 21.
Bb5 Nfd7 22. Bc3 a6 23. Bxd7 Nxd7 24. Nd5 Be5 25. f4 Bxc3 26. Nxc3 Qc7 27. g5
Nb6 28. f5 Rad8 29. Rdg1 Qd6 30. g6 fxg6 31. hxg6 h6 32. f6 gxf6 33. Rxh6 Qd3+
34. Ka1 Qe3 35. Qh2 Kf8 36. g7+ Ke7 37. Rf1 Nd5 38. Nxd5+ Rxd5 39. Rhxf6 Kd7
40. Rf7+ Re7 41. Rxe7+ Qxe7 42. g8=Q {Handy klingelte!} 0-1

[Event "62.HEM 2008, Gruppe C"]
[Site "Hanau"]
[Date "2008.03.20"]
[Round "3.21"]
[White "Radtke, Thoralf"]
[Black "Smits, Oswald"]
[Result "1/2-1/2"]
[WhiteElo "2005"]
[BlackElo "1921"]
[PlyCount "71"]
[EventDate "2008.??.??"]

1. f4 d5 2. Nf3 g6 3. e3 Bg7 4. d4 Nf6 5. c4 e6 6. c5 O-O 7. Bd3 b6 8. b4 c6 9.
O-O Bb7 10. Nc3 b5 11. Bd2 a6 12. a4 Nbd7 13. Ng5 Qe7 14. Qe1 h6 15. Nf3 Rfe8
16. Qg3 Nf8 17. Ne5 Nh5 18. Qh3 Nf6 19. Be1 Qc7 20. Bh4 N6h7 21. g4 Rac8 22.
Bg3 f5 23. gxf5 exf5 24. Rf3 Nf6 25. Bf2 Ne4 26. Bxe4 dxe4 27. Rg3 Bxe5 28.
fxe5 Kh7 29. Kh1 Qf7 30. Be1 Re7 31. Qf1 Rd8 32. Rg2 Bc8 33. Rf2 Be6 34. Kg1
Bc4 35. Qh3 Qe6 36. Rd2 1/2-1/2

[Event "62.HEM 2008, Gruppe C"]
[Site "Hanau"]
[Date "2008.03.20"]
[Round "3.22"]
[White "Draxler, Gottfried"]
[Black "Wolff, Michael"]
[Result "0-1"]
[WhiteElo "1846"]
[BlackElo "1953"]
[PlyCount "60"]
[EventDate "2008.??.??"]

1. d4 Nf6 2. c4 c5 3. d5 b5 4. Qc2 d6 5. e4 Nbd7 6. Nf3 g6 7. cxb5 a6 8. Nc3
Bg7 9. Bd2 O-O 10. bxa6 Ng4 11. h3 Nge5 12. Nxe5 Nxe5 13. f4 Nd7 14. Be2 Bxa6
15. Bxa6 Rxa6 16. O-O Qa8 17. a3 Rb8 18. Nd1 Rab6 19. Bc3 Rb3 20. Bxg7 Kxg7 21.
Rf3 Qa4 22. Rxb3 Rxb3 23. Rc1 Nb6 24. Nc3 Qc4 25. Kh1 Na4 26. Nxa4 Qxa4 27. Qe2
Qd4 28. Rc2 Re3 29. Qd2 Qxe4 30. Rc3 Re2 0-1

[Event "62.HEM 2008, Gruppe C"]
[Site "Hanau"]
[Date "2008.03.20"]
[Round "3.23"]
[White "Zimmerer, David"]
[Black "Warnk, Torsten"]
[Result "1-0"]
[WhiteElo "1808"]
[BlackElo "2063"]
[PlyCount "73"]
[EventDate "2008.??.??"]

1. e4 e6 2. d4 d5 3. Nc3 Bb4 4. e5 c5 5. a3 cxd4 6. Qxd4 Nc6 7. Bb5 Bxc3+ 8.
Qxc3 Bd7 9. Bxc6 Bxc6 10. Nf3 Ne7 11. Nd4 Rc8 12. Qg3 Ng6 13. h4 h5 14. Bg5 Qb6
15. Be3 Qxb2 16. O-O Bd7 17. Rab1 Qxa3 18. Rxb7 Qe7 19. Bg5 Qc5 20. Be3 Qa5 21.
Nb3 Qc3 22. Nd4 a6 23. Rfb1 Bb5 24. Nxe6 Qxe5 25. Qxe5 Nxe5 26. Nc7+ Kf8 27.
Nxb5 axb5 28. R7xb5 Ke7 29. Rxd5 Ke6 30. Rd2 Rc6 31. Re2 Kf5 32. Bd4 Ra8 33.
Rxe5+ Kf4 34. Rbe1 f5 35. g3+ Kg4 36. c3 g6 37. Kg2 1-0

[Event "62.HEM 2008, Gruppe C"]
[Site "Hanau"]
[Date "2008.03.20"]
[Round "3.24"]
[White "Wiest, Kurt"]
[Black "Rompel, Michael"]
[Result "0-1"]
[WhiteElo "1792"]
[BlackElo "1981"]
[PlyCount "100"]
[EventDate "2008.??.??"]

1. e4 c5 2. c3 Nf6 3. e5 Nd5 4. d4 cxd4 5. Qxd4 e6 6. Bc4 Nc6 7. Qe4 Nb6 8. Bb3
d6 9. Nf3 dxe5 10. Nxe5 Nxe5 11. Qxe5 Qd6 12. Bf4 Qxe5+ 13. Bxe5 Bc5 14. Nd2 f6
15. Ne4 Be7 16. Bd6 e5 17. O-O-O Bf5 18. Bxe7 Kxe7 19. Nd6 Bc8 20. f4 Rd8 21.
fxe5 fxe5 22. Nf7 Rxd1+ 23. Rxd1 Nd7 24. Re1 Kf6 25. Rf1+ Ke7 26. Ng5 Nf6 27.
Re1 Bd7 28. Rxe5+ Kf8 29. Ne6+ Bxe6 30. Rxe6 Rd8 31. Re3 Rd6 32. Kc2 h6 33. Rd3
Rc6 34. Bd5 Rc7 35. Bf3 Ke7 36. Kd2 b6 37. Rd4 Nd7 38. Ke3 Nc5 39. Bd5 Kf6 40.
Rf4+ Ke5 41. Rf7 Rxf7 42. Bxf7 Ne4 43. Bg6 Nc5 44. g3 Na4 45. b3 Nxc3 46. a3
Nb5 47. a4 Nd4 48. Bf7 Nf5+ 49. Kf3 Nd6 50. Bg8 Ne4 0-1

[Event "62.HEM 2008, Gruppe C"]
[Site "Hanau"]
[Date "2008.03.20"]
[Round "3.25"]
[White "Gertz, Berthold"]
[Black "Rausch, Wolfgang"]
[Result "0-1"]
[WhiteElo "1949"]
[BlackElo "1800"]
[PlyCount "98"]
[EventDate "2008.??.??"]

1. d4 Nf6 2. c4 e6 3. Nc3 d5 4. Qc2 c6 5. Nf3 Nbd7 6. e3 Be7 7. Bd3 O-O 8. O-O
dxc4 9. Bxc4 a6 10. Bd3 c5 11. Ne5 h6 12. f4 cxd4 13. exd4 Nb6 14. Be3 Nbd5 15.
Qf2 Bd6 16. h3 b5 17. Nxd5 Nxd5 18. Be4 Bb7 19. Bxd5 Bxd5 20. f5 exf5 21. Qxf5
Qe7 22. Rae1 Qe6 23. Qxe6 fxe6 24. b3 Rac8 25. Rxf8+ Rxf8 26. Nd7 Rc8 27. Nc5
a5 28. Re2 e5 29. Nd7 exd4 30. Bxd4 Rc1+ 31. Kf2 Rc7 32. Nb6 Bf7 33. Kf3 Rc6
34. g4 Rc1 35. Kg2 Bc7 36. h4 Bd8 37. h5 Rc6 38. Na8 Ra6 39. Re5 Rxa8 40. Rxb5
a4 41. Kf2 Be6 42. Rb7 Bf6 43. Bxf6 gxf6 44. Rb6 Kf7 45. Rb7+ Kf8 46. Rh7 axb3
47. Rh8+ Bg8 48. Rxh6 bxa2 49. Rxf6+ Ke7 0-1

[Event "62.HEM 2008, Gruppe C"]
[Site "Hanau"]
[Date "2008.03.20"]
[Round "3.26"]
[White "Reichel, Rolf"]
[Black "Weber, Andreas"]
[Result "1-0"]
[WhiteElo "1748"]
[BlackElo "1813"]
[PlyCount "95"]
[EventDate "2008.??.??"]

1. e4 e5 2. Nf3 f5 3. d4 fxe4 4. Nxe5 Nf6 5. Be2 d6 6. Bh5+ Ke7 7. Nf7 Qe8 8.
Nxh8 Qxh5 9. Qxh5 Nxh5 10. Nc3 Nf6 11. Bg5 c6 12. Nxe4 Bf5 13. Ng3 Bxc2 14. O-O
h6 15. Rfe1+ Kd7 16. Bxf6 gxf6 17. Nh5 Be7 18. Nf4 d5 19. Nhg6 Bd6 20. Re2 Bf5
21. a3 Na6 22. Rae1 Kc7 23. Re8 Rxe8 24. Rxe8 b5 25. b4 Nxb4 26. axb4 Bxb4 27.
Nh4 Bb1 28. Kf1 Bd2 29. Re1 Bxe1 30. Kxe1 Kd7 31. Kd2 a5 32. Kc3 Ba2 33. Kb2
Bc4 34. Nf5 b4 35. Ne3 Bb5 36. Kb3 Kd6 37. h4 c5 38. dxc5+ Kxc5 39. Nfxd5 a4+
40. Kb2 f5 41. Nc7 Bd3 42. Ne6+ Kb5 43. Nd4+ Kc5 44. Ndxf5 h5 45. g4 hxg4 46.
h5 a3+ 47. Kb3 Bb5 48. h6 1-0